Scivoli Di Nuovo - Tiziano Ferro - Testo Completo - Statistics

Statistiche generali
  • Questo quiz è stato fatto 39 volte
  • Il punteggio medio è 235 su 329
Statistiche sulle risposte
Risposta % Corretto
a
100%
le
100%
non
100%
che
96%
Che
96%
di
96%
se
96%
come
93%
e
93%
E
93%
Ma
93%
nuovo
93%
per
93%
Per
93%
Scivoli
93%
scivoli
93%
te
93%
tu
93%
i
89%
Il
89%
il
89%
po'
89%
da
85%
gli
85%
La
85%
la
85%
un
85%
cose
81%
in
81%
mai
81%
sono
81%
tuo
81%
una
81%
ancora
78%
C'è
74%
chi
74%
più
74%
fossi
70%
hai
70%
Hai
70%
Perché
70%
sai
70%
tuoi
70%
del
67%
occhi
67%
quel
67%
ti
67%
altro
63%
casa,
63%
Conti
63%
ferito
63%
mattina
63%
quante
63%
andate
59%
aspettassi
59%
mondo
59%
sempre
59%
silenzi
59%
solo
59%
volevi
59%
vuoi
59%
basta,
56%
basta
56%
capire
56%
coprire
56%
facce
56%
grande
56%
male
56%
quanti
56%
trasparenti
56%
troppo
56%
vergognarti
56%
vicino
56%
assenti
52%
chiudi
52%
Distratte
52%
errore,
52%
errore
52%
essere
52%
fatto
52%
festa
52%
intenti
52%
lascia
52%
nessun
52%
parole
52%
ricordare
52%
sentirti
52%
sicuro,
52%
sorriso
52%
stesso
52%
vestire
52%
vestiti,
52%
ciò
48%
dietro
48%
dopo
48%
giornata
48%
l'intera
48%
però
48%
segno
48%
sentire
48%
vive
48%
apparire
44%
esploso
44%
peggiore
44%
precisi
44%
pronunciato
44%
realmente
44%
viaggio
44%
attimo
41%
evitato
41%
meno
41%
sguardi
41%
sorprendere
41%
Temendo
41%
vivere
41%
chiudo
37%
deludere
37%
Ed
37%
sguardo
37%
trattenuto
37%
giorni
33%
pensieri
33%
rischiare
33%
Torni
33%
aspettare
30%
basso
30%
chiuso
26%
contare
26%
coraggio
26%
invisibili
26%
mancato
26%
porte
26%
sanno
26%
spigoli
26%
troppe
26%
poterle
22%
rendono
22%
riaprire
22%
volerti
22%
sapevi
19%
Devi
15%
abbracciare
11%
Nessun quiz corrispondente trovato
Distribuzione punteggi
Percentuale di utenti per punteggio
Percentile per numero di risposta
I tuoi punteggi nel tempo
Non hai fatto questo quiz